Part-Time Employment of Seniors in the Countries of the Visegrad Group

Porovnanie stavu a trendov zamestnaných seniorov nad 65 rokov na polovičných úväzok v krajinách V4. Počet zamestnaných seniorov na Slovensku a najmä v Čechách má stúpajúcu tendenciu, v Poľsku klesajúcu tendenciu. Použitá metóda regresnej analýzy, beta konvergercie a korelačného diagramu.

Guardado en:
Detalles Bibliográficos
Autor principal: Grmanová, Eva
Formato: Capítulo de libro
Lenguaje:inglés
Materias:
Etiquetas: Agregar Etiqueta
Sin Etiquetas, Sea el primero en etiquetar este registro!

MARC

LEADER 00000nla a2200000 4500
001 0241121
005 20220316102609.7
041 0 |a eng 
044 |a CZ 
245 1 0 |a Part-Time Employment of Seniors in the Countries of the Visegrad Group  |c Eva Grmanová 
520 |a Porovnanie stavu a trendov zamestnaných seniorov nad 65 rokov na polovičných úväzok v krajinách V4. Počet zamestnaných seniorov na Slovensku a najmä v Čechách má stúpajúcu tendenciu, v Poľsku klesajúcu tendenciu. Použitá metóda regresnej analýzy, beta konvergercie a korelačného diagramu. 
610 2 0 |a seniori 
610 2 0 |a úväzok pracovný 
610 2 0 |a práca 
610 2 0 |a zamestnanie 
610 2 0 |a Vyšehradská štvorka 
610 2 0 |a analýza regresná 
610 2 0 |a konvergencia 
610 2 0 |a analýza korelačná 
100 1 |a Grmanová, Eva